XIII Censo de Población 29 de noviembre de 1960: provincia de Coquimbo

Guardat en:
Dades bibliogràfiques
Autor corporatiu: Dirección de Estadística y Censos (Autor)
Format: Llibre
Idioma:espanyol
Publicat: Santiago s.n 1964
Col·lecció:B, 4
Matèries:
Etiquetes: Afegir etiqueta
Sense etiquetes, Sigues el primer a etiquetar aquest registre!

MARC

LEADER 00000nam a2200000 a 4500
001 UCO4217
003 CL-VaPUC
008 000728e19640000cl |||||||||||||||||spa|d
082 0 4 |a 310.983  |b DIR  |2 21 
110 2 |a Dirección de Estadística y Censos  |e author  |9 448477 
245 1 0 |a XIII Censo de Población 29 de noviembre de 1960: provincia de Coquimbo 
300 |a 147 p 
942 |c BK 
945 |d 20000728 00:00:00  |a crobeson 
260 |a Santiago  |b s.n  |c 1964 
650 7 |a CENSO 1960  |2 CL-VaPUC  |9 448478 
650 0 |a Población  |9 257577 
650 0 |a Vivienda  |9 258662 
650 0 |a Estadísticas  |9 258644 
650 0 |a Demografía   |9 260008 
651 0 |a Coquimbo, Chile  |9 319271 
583 |a last modification  |c 20170808 04:35:13  |k Rodrigo Vera 
490 0 |a B, 4 
999 |c 290282  |d 290280 
952 |0 0  |1 0  |4 0  |6 310_983000000000000_DIR_1964  |7 0  |8 X  |9 339619  |a BIBHIS  |b BIBHIS  |d 2019-11-20  |i 1212079  |o 310.983 DIR 1964  |p 1212079  |r 2024-01-30  |w 2019-11-20  |y BK_X  |k HIS